| 000 | 01561nam a2200289 a 4500 | ||
|---|---|---|---|
| 001 | BRCA_2676 | ||
| 005 | 20190320203923.0 | ||
| 008 | 021208s1885----sp-#---###---#000-0#spa-u | ||
| 041 | _aspa | ||
| 044 | _asp | ||
| 084 |
_a203 _b.M268 _c1885 |
||
| 100 | 1 |
_aCervantes Saavedra, Miguel de _d1547-1616 _9213 |
|
| 245 | 1 | 0 |
_aEl Ingenioso Hidalgo Don Quijote de la Mancha _ccompuesto por Miguel de Cervantes Saavedra. |
| 260 |
_aMadrid _bM. M. de Santa Ana _c1885 |
||
| 300 |
_a2 v. en 4 t. _c17 cm. |
||
| 440 | 0 |
_aBiblioteca de la correspondencia regalo a sus suscritores : un homenaje al príncipe de los genios españoles _97594 |
|
| 500 | _aContenido : v 1. Primera parte. Principios de la edición príncipe. Dedicatoria del autor. Prólogo del autor. Versos preliminares. Texto. -- v 2. Segunda parte. Principios de la edició príncipe. Dedicatoria del autor. Prólogo del autor. Texto | ||
| 500 | _aEdición del Quijote, publicada como homenaje al Príncipe de los Ingenios españoles, si bien no hace mucho honor ni al primero ni al segundo, ya que está mal presentada y peor corregida. Impresión mala en papel inferior. Semipiel; lomeras decoradas con adornos dorados Lúdovik Osterc | ||
| 500 | _aQM196 | ||
| 650 | 1 | 4 |
_aNovela española _yÉpoca clásica, 1500-1700 _9215 |
| 650 | 1 | 4 |
_aLiteratura española _yÉpoca clásica, 1500-1700 _9216 |
| 650 | 1 | 4 |
_aNovela española _ySiglo XVII _9217 |
| 650 | 1 | 4 |
_aDon Quijote (Personaje ficticio) _eNovela _9218 |
| 740 | 0 | _aEl Ingenioso Hidalgo Don Quijote de la Mancha | |
| 902 | _aQFM | ||
| 942 |
_2lcc _cB |
||
| 999 |
_c2416 _d2416 |
||